[Event "34th Rilton Cup"]
[Site "Stockholm SWE"]
[Date "2004.12.27"]
[Round "1.1"]
[White "Volkov, Sergei"]
[Black "Lohou, Stephane"]
[Result "1-0"]
[WhiteElo "2628"]
[BlackElo "2167"]
[EventDate "2004.12.27"]
[PlyCount "73"]

1.d4 Nf6 2.c4 g6 3.Nc3 d5 4.Nf3 Bg7 5.Qb3 dxc4 6.Qxc4 O-O 7.e4 Na6 8.Be2 
c5 9.d5 e6 10.O-O exd5 11.exd5 Re8 12.Rd1 Bd7 13.a3 b5 14.Nxb5 Bxb5 15.
Qxb5 Nc7 16.Qc4 Ncxd5 17.Bf1 Qd6 18.Bg5 Qc6 19.Rac1 Rac8 20.b4 Bf8 21.Qb3 
h6 22.Bd2 Qb7 23.Qa4 Qb6 24.b5 Qb7 25.Qc2 Ne4 26.a4 Bg7 27.Re1 Nxd2 28.
Rxe8+ Rxe8 29.Qxd2 Rc8 30.h4 Ne7 31.Bc4 Nf5 32.h5 gxh5 33.Qd3 Nd4 34.Nxd4 
cxd4 35.Bxf7+ Kxf7 36.Qf5+ Kg8 37.Rxc8+ 1-0

[Event "34th Rilton Cup"]
[Site "Stockholm SWE"]
[Date "2004.12.27"]
[Round "1.2"]
[White "Aadahl, Mattias"]
[Black "Khenkin, Igor"]
[Result "0-1"]
[WhiteElo "2164"]
[BlackElo "2587"]
[EventDate "2004.12.27"]
[PlyCount "82"]

1.d4 d5 2.c4 e6 3.Nc3 Bb4 4.cxd5 exd5 5.a3 Bxc3+ 6.bxc3 c5 7.Nf3 Nc6 8.g3 
Nf6 9.Bg2 Ne4 10.Bd2 O-O 11.O-O Re8 12.dxc5 Nxc5 13.Nd4 Na5 14.Bf4 Bg4 15.
h3 Bh5 16.g4 Bg6 17.Nb5 Ne4 18.Rc1 Rc8 19.Bxe4 Rxe4 20.Bg3 Rc5 21.a4 a6 
22.f3 Re8 23.Bf2 Rc8 24.Nd4 Qd7 25.Ra1 h5 26.Ra2 Nc4 27.Qc1 f6 28.Qf4 Nb6 
29.gxh5 Bxh5 30.Qf5 Qf7 31.a5 Nc4 32.Qf4 Ne5 33.Qd2 Qc7 34.Nf5 Qd7 35.Nh4 
Qxh3 36.Ra4 g5 37.Qxd5+ Bf7 38.Qxb7 Rc4 39.Rfa1 gxh4 40.Qxa6 Kh7 41.Rxc4 
Nxc4 0-1

[Event "34th Rilton Cup"]
[Site "Stockholm SWE"]
[Date "2004.12.27"]
[Round "1.4"]
[White "Jiretorn, Eva"]
[Black "Nybaeck, Tomi"]
[Result "0-1"]
[WhiteElo "2145"]
[BlackElo "2554"]
[EventDate "2004.12.27"]
[PlyCount "90"]

1.d4 Nf6 2.c4 e6 3.Nf3 b6 4.g3 Ba6 5.b3 b5 6.Bg2 bxc4 7.Ne5 Bb4+ 8.Bd2 
cxb3 9.Qxb3 Bxd2+ 10.Nxd2 c6 11.Qa3 Qe7 12.Qa5 Nd5 13.Rb1 Nb6 14.Ne4 f6 
15.Nc5 fxe5 16.Nxa6 Nxa6 17.Qxa6 O-O 18.dxe5 Qc5 19.O-O Qxe5 20.a4 Rfb8 
21.a5 Nd5 22.Rb7 Nb4 23.Rxb8+ Qxb8 24.Qc4 Nd5 25.Rd1 Qb2 26.Bxd5 cxd5 27.
Qd3 Rb8 28.e4 Rb3 29.Qd4 Qxd4 30.Rxd4 Rb5 31.exd5 Rxd5 32.Ra4 Kf7 33.Kg2 
Ke7 34.Kf3 Kd6 35.Ke4 Kc6 36.f4 g5 37.fxg5 Rxg5 38.Ra3 d5+ 39.Kf4 Rf5+ 40.
Kg4 d4 41.h4 h5+ 42.Kh3 e5 43.g4 Rf8 44.gxh5 e4 45.Ra4 Kd5 0-1

[Event "34th Rilton Cup"]
[Site "Stockholm SWE"]
[Date "2004.12.27"]
[Round "1.7"]
[White "Gleizerov, Evgeny"]
[Black "Todorovic, Zoran"]
[Result "1-0"]
[WhiteElo "2539"]
[BlackElo "2134"]
[EventDate "2004.12.27"]
[PlyCount "115"]

1.d4 Nf6 2.c4 e6 3.g3 Bb4+ 4.Bd2 Bxd2+ 5.Qxd2 O-O 6.Bg2 d5 7.Nf3 c6 8.O-O 
Nbd7 9.Qc2 b6 10.Nbd2 Bb7 11.b4 Qe7 12.Rab1 Rfc8 13.Rfe1 h6 14.e4 dxe4 15.
Nxe4 Nxe4 16.Qxe4 Nf6 17.Qc2 Qc7 18.Ne5 Nd7 19.Ng4 Qd8 20.Rbd1 Qe7 21.Qb2 
Nf6 22.Ne5 Nd7 23.c5 Rc7 24.Nc4 Rb8 25.Qd2 Nf6 26.Nd6 b5 27.a4 a6 28.axb5 
axb5 29.Ra1 Qd7 30.Bh3 Bc8 31.f4 Qd8 32.Re2 Bd7 33.Qa2 Nd5 34.Qa3 Ne7 35.
Qb3 Ra8 36.Rea2 Rxa2 37.Rxa2 Nd5 38.Bg2 Ne7 39.Qe3 Qb8 40.Qa3 f5 41.Qa8 
Qxa8 42.Rxa8+ Nc8 43.Bh3 h5 44.Kf2 Kf8 45.d5 cxd5 46.Bf1 Ke7 47.Nxc8+ Bxc8
48.Bxb5 Bd7 49.Ba6 Kf6 50.Rf8+ Ke7 51.Rb8 e5 52.fxe5 Ke6 53.Rb7 Rc8 54.
Rxd7 Kxd7 55.e6+ Kc7 56.Bxc8 Kxc8 57.c6 Kc7 58.e7 1-0

[Event "34th Rilton Cup"]
[Site "Stockholm SWE"]
[Date "2004.12.27"]
[Round "1.8"]
[White "Miloradovic, Jelena"]
[Black "Berg, Emanuel"]
[Result "1/2-1/2"]
[WhiteElo "2133"]
[BlackElo "2529"]
[EventDate "2004.12.27"]
[PlyCount "104"]

1.Nf3 f5 2.c4 Nf6 3.Nc3 d6 4.g3 e5 5.d3 g6 6.Bg2 Bg7 7.h4 h6 8.Qc2 Nc6 9.
Bd2 Be6 10.O-O Qd7 11.Rab1 f4 12.Ne4 Nxe4 13.dxe4 g5 14.hxg5 hxg5 15.Nxg5 
Nd4 16.Qd3 O-O-O 17.gxf4 exf4 18.Bxf4 Bxc4 19.Qxc4 b5 20.Qd3 Qg4 21.Rfe1 
Qxf4 22.e3 Qxg5 23.exd4 Bxd4 24.Qxd4 Rhg8 25.Kf1 Qxg2+ 26.Ke2 Rg4 27.Kd2 
Rf4 28.Re2 Rdf8 29.Qxa7 Rxf2 30.Re1 Kd7 31.Qe3 R8f3 32.Rxf2 Rxf2+ 33.Re2 
Rxe2+ 34.Qxe2 Qg5+ 35.Qe3 Qg2+ 36.Qe2 Qg5+ 37.Qe3 Qh5 38.Qe2 Qe5 39.Kc2 
Kc6 40.Qd3 Kb6 41.Qe3+ c5 42.a3 Qe6 43.Qd3 Qe5 44.b4 Kc6 45.bxc5 dxc5 46.
a4 Qh2+ 47.Kc3 Qh8+ 48.Kc2 Qh2+ 49.Kc3 Qe5+ 50.Kc2 c4 51.Qd5+ Qxd5 52.
exd5+ Kxd5 1/2-1/2

[Event "34th Rilton Cup"]
[Site "Stockholm SWE"]
[Date "2004.12.27"]
[Round "1.9"]
[White "Palo, Davor"]
[Black "Namini, Armin"]
[Result "1-0"]
[WhiteElo "2526"]
[BlackElo "2132"]
[EventDate "2004.12.27"]
[PlyCount "73"]

1.d4 Nf6 2.c4 e6 3.Nc3 Bb4 4.Qc2 O-O 5.a3 Bxc3+ 6.Qxc3 b6 7.Bg5 Bb7 8.Nf3 
d6 9.Nd2 Nbd7 10.f3 h6 11.Bh4 c5 12.e4 Re8 13.Bd3 Rc8 14.O-O Qc7 15.d5 Ba6
16.Rfd1 exd5 17.exd5 Nh5 18.Ne4 Ne5 19.Bf1 Rb8 20.a4 Bc8 21.Re1 Bd7 22.g4 
Nf4 23.Bg3 Nfg6 24.f4 Nxg4 25.h3 f5 26.hxg4 fxe4 27.f5 Nh8 28.Bg2 Nf7 29.
Bxe4 Qd8 30.Bg2 Qg5 31.Re6 Qxg4 32.Rg6 Qd4+ 33.Qxd4 cxd4 34.f6 Bf5 35.
Rxg7+ Kf8 36.Rf1 Bd3 37.Rf4 1-0

[Event "34th Rilton Cup"]
[Site "Stockholm SWE"]
[Date "2004.12.27"]
[Round "1.10"]
[White "Elfstroem, Joergen"]
[Black "Cramling, Pia"]
[Result "0-1"]
[WhiteElo "2131"]
[BlackElo "2477"]
[EventDate "2004.12.27"]
[PlyCount "56"]

1.d4 d5 2.c4 c6 3.cxd5 cxd5 4.Nc3 Nc6 5.e3 Nf6 6.Bd3 Bg4 7.f3 Bd7 8.Nge2 
e5 9.O-O Bd6 10.Kh1 O-O 11.Bc2 Qe7 12.dxe5 Bxe5 13.Bb3 Rad8 14.f4 Bxc3 15.
Nxc3 Bf5 16.Ne2 Ng4 17.Qe1 Bd3 18.Rf3 Bxe2 19.Qxe2 Nd4 20.Qf1 Nxf3 21.Qxf3
Qh4 22.Qg3 Qxg3 23.hxg3 Rfe8 24.Bd2 Nxe3 25.Kg1 Nc4 26.Bc3 d4 27.Bxc4 dxc3
28.bxc3 Re3 0-1

[Event "34th Rilton Cup"]
[Site "Stockholm SWE"]
[Date "2004.12.27"]
[Round "1.11"]
[White "Aakesson, Ralf"]
[Black "Jansson, Anders Owen"]
[Result "1/2-1/2"]
[WhiteElo "2472"]
[BlackElo "2128"]
[EventDate "2004.12.27"]
[PlyCount "81"]

1.d4 d6 2.e4 Nf6 3.f3 d5 4.e5 Nfd7 5.f4 c5 6.c3 Nc6 7.Nf3 cxd4 8.cxd4 Nb6 
9.Be2 Bf5 10.O-O e6 11.a3 Be7 12.Nc3 O-O 13.h3 Rc8 14.Bd3 Qd7 15.Bxf5 exf5
16.Ne2 Na5 17.b3 Nc6 18.Qd3 g6 19.Bd2 Nd8 20.Kh2 h5 21.Bb4 Ne6 22.Qd2 Rc6 
23.Bxe7 Qxe7 24.Ne1 Rfc8 25.Ra2 Qc7 26.Rg1 Qe7 27.Nd3 R6c7 28.a4 Na8 29.
Re1 Qd7 30.Rb1 b6 31.Rbb2 a5 32.Rc2 Rxc2 33.Rxc2 Rxc2 34.Qxc2 Qc7 35.Qxc7 
Naxc7 36.g4 fxg4 37.hxg4 hxg4 38.Kg3 Ng7 39.Kxg4 Nf5 40.Ne1 Kf8 41.Nc2 
1/2-1/2

[Event "34th Rilton Cup"]
[Site "Stockholm SWE"]
[Date "2004.12.27"]
[Round "1.12"]
[White "Ullen, Jan"]
[Black "Handke, Florian"]
[Result "1/2-1/2"]
[WhiteElo "2128"]
[BlackElo "2467"]
[EventDate "2004.12.27"]
[PlyCount "82"]

1.e4 c5 2.Nf3 e6 3.d4 cxd4 4.Nxd4 Nc6 5.Be2 Nf6 6.Nc3 Bb4 7.Nxc6 bxc6 8.e5
Ne4 9.Qd3 Qa5 10.O-O Nxc3 11.bxc3 Bxc3 12.Rb1 Bxe5 13.Rb3 Qc7 14.f4 Bd6 
15.Qg3 O-O 16.Bb2 f6 17.Qh4 Rb8 18.Rff3 Rxb3 19.axb3 Qa5 20.Bd3 h6 21.Qg3 
Ba3 22.Bc3 Qb6+ 23.Kh1 Ba6 24.Bg6 Qc5 25.h4 Bb4 26.Bb2 Qd5 27.Kh2 Qd1 28.
Bd3 Be1 29.Qg6 Bxd3 30.Rxd3 Qxc2 31.Ba3 Rc8 32.h5 d5 33.Be7 Qf2 34.Rf3 
Qh4+ 35.Kg1 Ba5 36.g3 Qh3 37.Bxf6 Bb6+ 38.Rf2 Bxf2+ 39.Kxf2 Qh2+ 40.Kf1 
Qh1+ 41.Kf2 Qh2+ 1/2-1/2

[Event "34th Rilton Cup"]
[Site "Stockholm SWE"]
[Date "2004.12.27"]
[Round "1.13"]
[White "Ernst, Thomas"]
[Black "Azizi, Haroon"]
[Result "1/2-1/2"]
[WhiteElo "2463"]
[BlackElo "2124"]
[EventDate "2004.12.27"]
[PlyCount "137"]

1.e4 Nf6 2.e5 Nd5 3.d4 d6 4.Nf3 Bg4 5.Be2 e6 6.O-O Be7 7.h3 Bh5 8.c4 Nb6 
9.Nc3 O-O 10.Be3 Nc6 11.exd6 cxd6 12.d5 Bxf3 13.Bxf3 Ne5 14.dxe6 fxe6 15.
Bg4 Rf6 16.b3 Nxg4 17.Qxg4 Nd7 18.Rad1 Rg6 19.Qe4 Qc8 20.Bf4 Nf6 21.Qf3 e5
22.Nd5 Bf8 23.Be3 Kh8 24.Kh1 Qc6 25.a4 a6 26.Rd2 Rc8 27.Rfd1 Kg8 28.Qf5 
Re8 29.Nxf6+ Rxf6 30.Qd3 h6 31.Kg1 Kf7 32.Qd5+ Rfe6 33.Rd3 Kg8 34.Bc1 Qxd5
35.cxd5 R6e7 36.Rc3 Rd7 37.Be3 Be7 38.Rdc1 Bf6 39.Rc7 Ree7 40.Rxd7 Rxd7 
41.Kf1 Bd8 42.Ke2 Rc7 43.Kd3 Rxc1 44.Bxc1 b6 45.Ke4 Kf7 46.g4 Kf6 47.h4 g5
48.h5 Bc7 49.Be3 Bd8 50.f3 Bc7 51.a5 bxa5 52.Ba7 Kg7 53.Kf5 Kf7 54.Be3 Bd8
55.Bf2 Bc7 56.Ba7 Bd8 57.Bb8 Be7 58.Bc7 Bf8 59.Bxa5 Be7 60.Bc7 Bf8 61.Bd8 
Bg7 62.Bxg5 hxg5 63.Kxg5 e4 64.fxe4 Bc3 65.Kf5 Kg7 66.g5 a5 67.Ke6 Be5 68.
Kf5 Bc3 69.Ke6 1/2-1/2

[Event "34th Rilton Cup"]
[Site "Stockholm SWE"]
[Date "2004.12.27"]
[Round "1.14"]
[White "Kafka, Graeme"]
[Black "Lyrberg, Patrik"]
[Result "0-1"]
[WhiteElo "2122"]
[BlackElo "2432"]
[EventDate "2004.12.27"]
[PlyCount "102"]

1.e4 e5 2.Nf3 Nc6 3.Bb5 a6 4.Bxc6 dxc6 5.O-O f6 6.d4 exd4 7.Nxd4 c5 8.Ne2 
Qxd1 9.Rxd1 Bd7 10.Bf4 O-O-O 11.Nbc3 g5 12.Bg3 Ne7 13.Nd5 Nxd5 14.Rxd5 Be7
15.Rad1 b5 16.h4 h6 17.hxg5 hxg5 18.f3 Be6 19.Rxd8+ Rxd8 20.Rxd8+ Bxd8 21.
Nc3 Kd7 22.Kf2 Kc6 23.b3 c4 24.Ke2 Kc5 25.Bf2+ Kc6 26.Kd2 Be7 27.Ne2 Bf7 
28.Nd4+ Kd7 29.Nf5 cxb3 30.cxb3 Bb4+ 31.Kc2 Bf8 32.Bd4 Ke6 33.Ne3 Bd6 34.
Nd5 f5 35.Be3 fxe4 36.fxe4 c6 37.Nb6 g4 38.Kd3 Bg6 39.Bf2 Be7 40.Be3 Bd8 
41.Bc5 Bc7 42.Ke3 Bh2 43.Kd3 Bd6 44.Bf2 Bb4 45.Bd4 Kd6 46.Na8 c5 47.Be3 
Kc6 48.a3 Bxa3 49.Bf4 a5 50.Nc7 Bf7 51.e5 Bg6+ 0-1

[Event "34th Rilton Cup"]
[Site "Stockholm SWE"]
[Date "2004.12.27"]
[Round "1.16"]
[White "Heden, Gustav"]
[Black "Bellon Lopez, Juan Manuel"]
[Result "0-1"]
[WhiteElo "2116"]
[BlackElo "2425"]
[EventDate "2004.12.27"]
[PlyCount "62"]

1.c4 g6 2.Nc3 Bg7 3.g3 e5 4.Bg2 Ne7 5.e3 O-O 6.Nge2 c6 7.d4 d6 8.O-O Nf5 
9.b4 exd4 10.exd4 Qb6 11.Rb1 Nxd4 12.Nxd4 Qxd4 13.Qxd4 Bxd4 14.Ne4 Be5 15.
Rd1 Bf5 16.b5 Nd7 17.bxc6 bxc6 18.Ba3 Nc5 19.Nxc5 Bxb1 20.Nd7 Bxa2 21.Nxf8
Rxf8 22.f4 Bf6 23.Bxd6 Rc8 24.c5 a5 25.Bf1 a4 26.Ba6 Rd8 27.Bb7 a3 28.Bxc6
Bb3 29.Rd3 a2 30.Be5 Rxd3 31.Bxf6 Rd1+ 0-1

[Event "34th Rilton Cup"]
[Site "Stockholm SWE"]
[Date "2004.12.27"]
[Round "1.17"]
[White "Peng, Zhaoqin"]
[Black "Agrest, Roman"]
[Result "1-0"]
[WhiteElo "2420"]
[BlackElo "2107"]
[EventDate "2004.12.27"]
[PlyCount "119"]

1.Nf3 b5 2.d4 Bb7 3.e3 a6 4.a4 b4 5.Nbd2 e6 6.Nb3 Nf6 7.Be2 Be7 8.O-O O-O 
9.c4 a5 10.Ne1 d6 11.Nd3 Nbd7 12.f3 c5 13.dxc5 Nxc5 14.Nbxc5 dxc5 15.b3 
Qc7 16.Qe1 Rad8 17.Bb2 Nd7 18.Rd1 Bf6 19.Bxf6 Nxf6 20.Qg3 Qxg3 21.hxg3 Rc8
22.g4 h6 23.Rd2 Rfd8 24.Rfd1 Kf8 25.Kf2 Ke7 26.Ne5 Rxd2 27.Rxd2 Rc7 28.Bd1
Nd7 29.Nd3 e5 30.Bc2 Rc6 31.Ke2 Rd6 32.Nf2 Rxd2+ 33.Kxd2 g6 34.Be4 Bxe4 
35.Nxe4 Ke6 36.Kd3 f5 37.gxf5+ gxf5 38.Ng3 Nf6 39.e4 f4 40.Nf5 h5 41.Ke2 
Ne8 42.Kf2 Kf6 43.Ke1 Ke6 44.g3 Nf6 45.Kf2 Ne8 46.Kg2 Kf6 47.Kf2 Ke6 48.
Ke2 Nf6 49.gxf4 exf4 50.Nh4 Ke5 51.Kd3 Nd7 52.Ng6+ Kf6 53.Nxf4 h4 54.Ke3 
Kg5 55.Nh3+ Kf6 56.f4 Nb6 57.Nf2 Nd7 58.Kf3 Nf8 59.Nd3 Ne6 60.Kg4 1-0

[Event "34th Rilton Cup"]
[Site "Stockholm SWE"]
[Date "2004.12.27"]
[Round "1.18"]
[White "Backman, Michael"]
[Black "Hermansson, Emil"]
[Result "0-1"]
[WhiteElo "2106"]
[BlackElo "2414"]
[EventDate "2004.12.27"]
[PlyCount "44"]

1.Nf3 Nf6 2.b3 g6 3.Bb2 Bg7 4.g3 c5 5.Bg2 d5 6.O-O O-O 7.d3 Nc6 8.Nbd2 d4 
9.a4 Nd5 10.Nc4 e5 11.e3 Re8 12.Nfd2 Be6 13.Ne4 b6 14.a5 Rb8 15.axb6 axb6 
16.Ned6 Re7 17.Nb5 Qd7 18.exd4 cxd4 19.Ba3 Ree8 20.Bd6 Rb7 21.Qf3 Nd8 22.
Bxe5 Bxe5 0-1

[Event "34th Rilton Cup"]
[Site "Stockholm SWE"]
[Date "2004.12.27"]
[Round "1.19"]
[White "Poley, Vladimir"]
[Black "Janse, Love"]
[Result "1-0"]
[WhiteElo "2402"]
[BlackElo "2100"]
[EventDate "2004.12.27"]
[PlyCount "73"]

1.Nf3 f5 2.b4 Nf6 3.Bb2 e6 4.b5 c5 5.e3 d5 6.c4 Nbd7 7.Qc2 Nb6 8.d3 Bd6 9.
a4 dxc4 10.dxc4 O-O 11.Bd3 Qe7 12.Nbd2 Nbd7 13.h3 h6 14.g4 fxg4 15.hxg4 
Nxg4 16.Bh7+ Kh8 17.Nh4 Nde5 18.Bxe5 Nxe5 19.f4 g5 20.fxe5 Qxh7 21.Qxh7+ 
Kxh7 22.exd6 gxh4 23.Rxh4 b6 24.Ne4 e5 25.Ke2 Bf5 26.Ng5+ Kg6 27.Nf3 e4 
28.Ne5+ Kh7 29.Nc6 a6 30.Rd1 Rf7 31.Rf4 axb5 32.axb5 Kg7 33.d7 Ra2+ 34.Ke1
Rxd7 35.Rxf5 Rxd1+ 36.Kxd1 Ra3 37.Ke2 1-0

[Event "34th Rilton Cup"]
[Site "Stockholm SWE"]
[Date "2004.12.27"]
[Round "1.20"]
[White "Stenson, Johan"]
[Black "Kuemin, Simon"]
[Result "0-1"]
[WhiteElo "2099"]
[BlackElo "2392"]
[EventDate "2004.12.27"]
[PlyCount "72"]

1.e4 c5 2.c3 Qa5 3.Nf3 Nc6 4.Bc4 Nf6 5.e5 d5 6.exd6 e6 7.O-O Bxd6 8.d4 Qc7
9.Re1 cxd4 10.cxd4 Ne7 11.Qd3 O-O 12.Nc3 Bd7 13.Bg5 Rfc8 14.Bb3 Ned5 15.
Rac1 Qa5 16.Ne5 Be8 17.Nc4 Qa6 18.Nxd5 Nxd5 19.Qf3 Bf8 20.Ne3 Nxe3 21.Bxe3
Bd6 22.Rxc8 Rxc8 23.Qg4 Qa5 24.Rd1 Qc7 25.Bh6 g6 26.h4 Bd7 27.Qf3 Bc6 28.
Qf6 Bf8 29.Bxf8 Rxf8 30.h5 Qd8 31.Qe5 Qh4 32.hxg6 hxg6 33.Rd3 Qe4 34.Qg3 
Kg7 35.Rd1 Rd8 36.Qc3 Qxg2# 0-1

[Event "34th Rilton Cup"]
[Site "Stockholm SWE"]
[Date "2004.12.27"]
[Round "1.21"]
[White "Nyysti, Sampsa"]
[Black "McGowan, Daniel"]
[Result "1-0"]
[WhiteElo "2368"]
[BlackElo "2098"]
[EventDate "2004.12.27"]
[PlyCount "61"]

1.e4 e6 2.d4 d5 3.Nc3 dxe4 4.Nxe4 Nd7 5.g3 Ngf6 6.Nxf6+ Nxf6 7.Bg2 Be7 8.
Nf3 O-O 9.O-O c6 10.Qe2 Qc7 11.a4 b6 12.a5 bxa5 13.Qe5 Qb6 14.Qxa5 Bb7 15.
Ne5 Qxd4 16.Qc7 Bd6 17.Qxb7 Bxe5 18.c3 Qc5 19.Qxc6 Qe7 20.Be3 Rac8 21.Rxa7
Qd8 22.Qa4 Rc7 23.Ra5 Nd7 24.Rd1 Qe7 25.Rxd7 Rxd7 26.Rxe5 Rfd8 27.Bf3 Qf6 
28.Qf4 Qg6 29.Be4 Rd1+ 30.Kg2 f5 31.Bc2 1-0

[Event "34th Rilton Cup"]
[Site "Stockholm SWE"]
[Date "2004.12.27"]
[Round "1.23"]
[White "Carlsson, Pontus"]
[Black "Dalmau, Anneli"]
[Result "1-0"]
[WhiteElo "2360"]
[BlackElo "2087"]
[EventDate "2004.12.27"]
[PlyCount "99"]

1.e4 e5 2.Nf3 Nc6 3.Bb5 a6 4.Ba4 Nf6 5.O-O Be7 6.Re1 b5 7.Bb3 d6 8.c3 O-O 
9.h3 Na5 10.Bc2 c5 11.d4 Nc6 12.d5 Na5 13.Nbd2 g6 14.b4 Nb7 15.a4 Bd7 16.
Nf1 Nh5 17.Bh6 Re8 18.Qd2 Bf6 19.Ra3 Bg7 20.Ng3 Nxg3 21.fxg3 Qc7 22.Bxg7 
Kxg7 23.Rea1 Rac8 24.axb5 cxb4 25.cxb4 Qb6+ 26.Kh2 Bxb5 27.Bd3 Bc4 28.Rf1 
h6 29.Nh4 Bxd3 30.Rxd3 Rc7 31.Re3 a5 32.bxa5 Nxa5 33.Qf2 Rd7 34.Qf6+ Kh7 
35.Ref3 Qd8 36.Qxd8 Rexd8 37.Rxf7+ Rxf7 38.Rxf7+ Kg8 39.Rc7 Nb3 40.Nxg6 
Nd4 41.Ne7+ Kf8 42.Rb7 Ra8 43.g4 Ra2 44.Nf5 Nf3+ 45.Kg3 Ne1 46.Rb8+ Kf7 
47.Nxd6+ Kg6 48.h4 Rxg2+ 49.Kh3 Re2 50.Nf5 1-0

[Event "34th Rilton Cup"]
[Site "Stockholm SWE"]
[Date "2004.12.27"]
[Round "1.24"]
[White "Styf, Josef"]
[Black "Couso, Luis"]
[Result "0-1"]
[WhiteElo "2087"]
[BlackElo "2339"]
[EventDate "2004.12.27"]
[PlyCount "80"]

1.d4 d5 2.Nf3 Nf6 3.g3 c6 4.Bg2 Bg4 5.c3 Nbd7 6.Bf4 e6 7.O-O Be7 8.h3 Bh5 
9.Nbd2 O-O 10.Qb3 Qb6 11.g4 Bg6 12.Nh4 Qxb3 13.axb3 Nxg4 14.Nxg6 fxg6 15.
Bg3 Ngf6 16.Bh4 a6 17.Rfe1 Rf7 18.e3 Ne4 19.Bxe7 Nxd2 20.Bd6 Nf3+ 21.Bxf3 
Rxf3 22.Kg2 Rf7 23.e4 Nf6 24.exd5 exd5 25.Re6 Ne4 26.f3 Rxf3 27.Kxf3 Ng5+ 
28.Kg2 Nxe6 29.Re1 Re8 30.Re3 g5 31.b4 Kf7 32.Kg3 Nf4 33.Rf3 Re4 34.h4 Ke6
35.Bxf4 gxf4+ 36.Kg4 Kf6 37.Rxf4+ Rxf4+ 38.Kxf4 h5 39.b3 b5 40.Kg3 Kf5 0-1

[Event "34th Rilton Cup"]
[Site "Stockholm SWE"]
[Date "2004.12.27"]
[Round "1.25"]
[White "Furhoff, Johan"]
[Black "Nystroem, Ragnar"]
[Result "1-0"]
[WhiteElo "2338"]
[BlackElo "2082"]
[EventDate "2004.12.27"]
[PlyCount "81"]

1.e4 e6 2.d4 d5 3.Nd2 Nf6 4.e5 Nfd7 5.c3 c5 6.f4 Nc6 7.Ndf3 Qb6 8.g3 cxd4 
9.cxd4 f6 10.Bh3 Bb4+ 11.Kf1 O-O 12.Kg2 fxe5 13.fxe5 Ndxe5 14.dxe5 Nxe5 
15.Qd4 Qxd4 16.Nxd4 Nd3 17.Be3 e5 18.Ne6 d4 19.Nxf8 Bxh3+ 20.Nxh3 dxe3 21.
Kf3 Bxf8 22.Kxe3 Nxb2 23.Rhc1 Na4 24.Rc7 Bc5+ 25.Ke2 Bd4 26.Rac1 b5 27.Ng5
g6 28.Ne4 Rf8 29.R1c6 Rf7 30.Nf6+ Kg7 31.Ne8+ Kg8 32.Rxf7 Kxf7 33.Nd6+ Ke6
34.Nxb5+ Kd5 35.Nxd4 exd4 36.Ra6 d3+ 37.Ke3 Nb2 38.Rxa7 Kc4 39.Rc7+ Kb4 
40.Rxh7 Kc3 41.Rc7+ 1-0

[Event "34th Rilton Cup"]
[Site "Stockholm SWE"]
[Date "2004.12.27"]
[Round "1.26"]
[White "Maardell, Jimmy"]
[Black "Molander, Riku"]
[Result "1/2-1/2"]
[WhiteElo "2078"]
[BlackElo "2328"]
[EventDate "2004.12.27"]
[PlyCount "38"]

1.e4 c5 2.c3 d5 3.exd5 Qxd5 4.d4 cxd4 5.cxd4 Nc6 6.Nf3 Bg4 7.Nc3 Bxf3 8.
gxf3 Qxd4 9.Qxd4 Nxd4 10.Nb5 Nc2+ 11.Kd1 Nxa1 12.Nc7+ Kd7 13.Nxa8 g6 14.
Be3 Bh6 15.Bb5+ Kc8 16.Bxa7 Nf6 17.Be3 Bxe3 18.fxe3 Rd8+ 19.Kc1 Rd6 
1/2-1/2

[Event "34th Rilton Cup"]
[Site "Stockholm SWE"]
[Date "2004.12.27"]
[Round "1.27"]
[White "Lindberg, Bosse"]
[Black "Isaksson, Per"]
[Result "1-0"]
[WhiteElo "2326"]
[BlackElo "2072"]
[EventDate "2004.12.27"]
[PlyCount "73"]

1.d4 d5 2.c4 dxc4 3.Nf3 Nf6 4.Nc3 a6 5.e3 e6 6.Bxc4 c5 7.Bb3 Nc6 8.O-O 
cxd4 9.exd4 Be7 10.Bg5 O-O 11.Re1 Nb4 12.a3 Nbd5 13.Qd3 Qd6 14.Rad1 Bd7 
15.Bxd5 exd5 16.Ne5 Be6 17.Re3 Rfe8 18.Rde1 Rac8 19.Na4 Ne4 20.Bxe7 Rxe7 
21.f3 Nf6 22.Nc5 Rce8 23.Qb3 Bc8 24.Qb4 Nd7 25.Ncd3 Qxb4 26.Nxb4 Nb6 27.
Nc4 Rxe3 28.Rxe3 Rxe3 29.Nxe3 Nc4 30.Nbxd5 Nxe3 31.Nxe3 Kf8 32.Kf2 Ke7 33.
Ke2 f6 34.Kd3 Kd6 35.Nc4+ Kc7 36.d5 Bf5+ 37.Kd4 1-0

[Event "34th Rilton Cup"]
[Site "Stockholm SWE"]
[Date "2004.12.27"]
[Round "1.28"]
[White "Jensen, Leif Haugaard"]
[Black "Ong, Kezli"]
[Result "0-1"]
[WhiteElo "2067"]
[BlackElo "2325"]
[EventDate "2004.12.27"]
[PlyCount "46"]

1.e4 e5 2.Nc3 Nf6 3.f4 d5 4.fxe5 Nxe4 5.Nf3 c5 6.Qe2 Nxc3 7.dxc3 Be7 8.Bf4
Nc6 9.O-O-O Be6 10.c4 d4 11.a3 a6 12.h4 h6 13.g3 Qc8 14.Bg2 b5 15.Qe4 Bf5 
16.Qd5 Be6 17.Qe4 Bf5 18.Qd5 Ra7 19.cxb5 axb5 20.Ng5 Nd8 21.Ne4 Be6 22.
Nd6+ Bxd6 23.Qxd6 Ra6 0-1

[Event "34th Rilton Cup"]
[Site "Stockholm SWE"]
[Date "2004.12.27"]
[Round "1.29"]
[White "Hedman, Erik"]
[Black "Dalmau, Juan"]
[Result "1-0"]
[WhiteElo "2320"]
[BlackElo "2055"]
[EventDate "2004.12.27"]
[PlyCount "61"]

1.e4 e5 2.Nf3 Nc6 3.Bb5 Bc5 4.c3 Nge7 5.O-O Bb6 6.d4 exd4 7.cxd4 d5 8.exd5
Nxd5 9.Ne5 O-O 10.Nxc6 bxc6 11.Bxc6 Rb8 12.Nc3 Nb4 13.Be4 Ba6 14.a3 Bxf1 
15.Qxf1 f5 16.Bb1 Qxd4 17.axb4 Qxb4 18.Nd5 Qd6 19.Bf4 Qc5 20.b4 Qd4 21.Ba2
Kh8 22.Rd1 Qb2 23.Rd2 Qa3 24.Bc4 Qa4 25.b5 Qa3 26.Be5 Rfe8 27.Bb2 Qd6 28.
Qa1 Qh6 29.Nxb6 Rxb6 30.Rd7 Rg6 31.Bf7 1-0

[Event "34th Rilton Cup"]
[Site "Stockholm SWE"]
[Date "2004.12.27"]
[Round "1.30"]
[White "Cleanthous, Demetris"]
[Black "Backelin, Rikard"]
[Result "1/2-1/2"]
[WhiteElo "2051"]
[BlackElo "2304"]
[EventDate "2004.12.27"]
[PlyCount "145"]

1.Nf3 g6 2.g3 Bg7 3.d4 f5 4.Bg2 Nf6 5.c4 d6 6.O-O O-O 7.Nc3 c6 8.Qc2 Na6 
9.Bd2 Qe8 10.d5 e5 11.Qc1 cxd5 12.cxd5 Rf7 13.Bh6 Bh8 14.Bg5 Rc7 15.Qd1 
Bd7 16.Nd2 Qf8 17.Qb3 Ne8 18.Nf3 h6 19.Bd2 g5 20.Rfc1 Rac8 21.Ne1 Qe7 22.
Be3 f4 23.Bd2 Nf6 24.Qa3 Bg7 25.e4 Bf8 26.b4 Qe8 27.Ne2 Qh5 28.Qd3 Rxc1 
29.Rxc1 Rxc1 30.Nxc1 Qd1 31.Bf3 Qa4 32.gxf4 gxf4 33.Qc3 Be7 34.Ned3 Qb5 
35.Nb2 Qb6 36.a4 Nh7 37.a5 Qd8 38.Bg2 Qe8 39.Kh1 Ng5 40.Nc4 Qg6 41.Qd3 Nc7
42.f3 Nb5 43.Nb3 Qh5 44.Qf1 Nc7 45.Be1 Bb5 46.Nbd2 Ne8 47.Bf2 a6 48.h4 Nh7
49.Bh3 Kh8 50.Bg4 Qf7 51.Be6 Qf8 52.Qg2 Ng7 53.Qg6 Nxe6 54.Qxe6 Nf6 55.Nb6
Ng8 56.Nc8 Be2 57.Nxe7 Qxe7 58.Qxe7 Nxe7 59.Kg2 h5 60.Bb6 Kg7 61.Kf2 Bb5 
62.Bc7 Nc8 63.Nb1 Kf7 64.Nc3 Bd7 65.Ke2 Ke7 66.Ke1 Bh3 67.Bb6 Kd7 68.Bf2 
Kc7 69.b5 axb5 70.Nxb5+ Kd7 71.Ke2 Ke7 72.Nc7 Kd7 73.Nb5 1/2-1/2

[Event "34th Rilton Cup"]
[Site "Stockholm SWE"]
[Date "2004.12.27"]
[Round "1.31"]
[White "Doggers, Peter"]
[Black "Wikstroem, Hans"]
[Result "1-0"]
[WhiteElo "2292"]
[BlackElo "2048"]
[EventDate "2004.12.27"]
[PlyCount "81"]

1.e4 c5 2.Nf3 Nc6 3.d4 cxd4 4.Nxd4 Nf6 5.Nc3 e5 6.Ndb5 h6 7.Nd6+ Bxd6 8.
Qxd6 Qe7 9.Qxe7+ Kxe7 10.Be3 d6 11.f3 Be6 12.O-O-O Rhc8 13.g4 a6 14.h4 Nb4
15.Kb1 b5 16.Rh2 Ne8 17.g5 hxg5 18.hxg5 Rab8 19.a3 Nc6 20.Nd5+ Bxd5 21.
exd5 Na5 22.b3 Nb7 23.f4 Nc5 24.Re1 f6 25.gxf6+ Nxf6 26.fxe5 dxe5 27.Bh3 
Rc7 28.Bxc5+ Rxc5 29.Rxe5+ Kd6 30.Re6+ Kc7 31.Rg2 Rxd5 32.Rxg7+ Rd7 33.
Rxd7+ Nxd7 34.Re7 Rd8 35.Kb2 Kd6 36.Rxd7+ Rxd7 37.Bxd7 Kxd7 38.Kc3 Kc6 39.
Kd4 Kd6 40.c4 bxc4 41.bxc4 1-0

[Event "34th Rilton Cup"]
[Site "Stockholm SWE"]
[Date "2004.12.27"]
[Round "1.32"]
[White "Hayes, Stuart"]
[Black "Paterek, Michal"]
[Result "0-1"]
[WhiteElo "2048"]
[BlackElo "2269"]
[EventDate "2004.12.27"]
[PlyCount "64"]

1.d4 c5 2.d5 g6 3.e4 Bg7 4.Nf3 d6 5.c3 Nf6 6.Bd3 O-O 7.O-O Na6 8.Nbd2 Nc7 
9.a4 b6 10.Ne1 e6 11.dxe6 fxe6 12.f4 Bb7 13.f5 gxf5 14.exf5 d5 15.Ndf3 Ne4
16.fxe6 Qe7 17.Qe2 Nxe6 18.Be3 Nf4 19.Bxf4 Rxf4 20.Rd1 Raf8 21.Bc2 Kh8 22.
Nd3 Ba6 23.Qe1 R4f7 24.Qh4 Qxh4 25.Nxh4 d4 26.Rxf7 Rxf7 27.Re1 Nd2 28.Re8+
Bf8 29.h3 dxc3 30.bxc3 Rf1+ 31.Kh2 Kg7 32.Ra8 Bd6+ 0-1

[Event "34th Rilton Cup"]
[Site "Stockholm SWE"]
[Date "2004.12.27"]
[Round "1.33"]
[White "Karlsson, Tomas"]
[Black "Horn, Emilia"]
[Result "1-0"]
[WhiteElo "2267"]
[BlackElo "2046"]
[EventDate "2004.12.27"]
[PlyCount "79"]

1.e4 e5 2.Nf3 Nc6 3.Bb5 a6 4.Ba4 Nf6 5.O-O Be7 6.Re1 b5 7.Bb3 d6 8.c3 O-O 
9.h3 Na5 10.Bc2 c5 11.d4 Nc6 12.d5 Na5 13.Nbd2 c4 14.Nf1 Nd7 15.Ng3 Nc5 
16.b4 cxb3 17.axb3 Nab7 18.Bd2 a5 19.b4 Na6 20.Qe2 Bd7 21.Bd3 Nc7 22.Nh2 
Bh4 23.Nf5 Bxf5 24.exf5 axb4 25.Rxa8 Qxa8 26.cxb4 Qa2 27.Nf3 Bd8 28.Be4 
Qa6 29.Rc1 Ne8 30.Bd3 Nc7 31.f6 g6 32.Bh6 Re8 33.Be4 Na8 34.Bg7 Nb6 35.Ng5
Nd7 36.Qh5 Nxf6 37.Qh6 Qa3 38.Rf1 Bb6 39.Bxf6 Bxf2+ 40.Rxf2 1-0